| 000 | 01280nam a2200361 a 4500 | ||
|---|---|---|---|
| 001 | 4832306 | ||
| 003 | ARRUPE | ||
| 005 | 20131014123950.0 | ||
| 008 | 891206s1987 ug ab b 001 0 eng d | ||
| 010 | _a 89980922 | ||
| 035 | _a(OCoLC)18313307 | ||
| 040 |
_aDSI _cDLC _dDLC |
||
| 042 | _alccopycat | ||
| 043 | _af-ug--- | ||
| 050 | 0 | 4 |
_aPN6519.U4 _bC57 1987 |
| 100 | 1 |
_aCisternino, Marius. _92515 |
|
| 245 | 1 | 4 |
_aThe proverbs of Kigezi and Ankole (Uganda) / _cMarius Cisternino. |
| 260 |
_aKampala : _bComboni Missionaries ; Roma : _bMissionari comboniani, _c1987. |
||
| 300 |
_a469, [2] p. : _bill., maps ; _c24 cm. |
||
| 490 | 1 |
_aMuseum Combonianum ; _vno. 41 |
|
| 504 | _aIncludes bibliographical references (p. [470]-[471]) and indexes. | ||
| 650 | 0 |
_aProverbs, Ugandan. _92516 |
|
| 650 | 0 |
_aNyankore-Kiga language. _92517 |
|
| 650 | 0 |
_aHima (African people) _92518 |
|
| 650 | 0 |
_aBairo (African people) _92519 |
|
| 651 | 0 |
_aKigezi (Uganda) _92520 |
|
| 651 | 0 |
_aAnkole (Uganda) _92521 |
|
| 710 | 2 |
_aSons of the Sacred Heart of Verona. _92522 |
|
| 830 | 0 |
_aMuseum Combonianum ; _vn. 42. _92523 |
|
| 906 |
_a7 _bcbc _ccopycat _d3 _encip _f19 _gy-gencatlg |
||
| 942 |
_2lcc _cMONOGRAPH |
||
| 999 |
_c118345 _d118345 |
||